Centre of continuing education

Guardado en:
Detalles Bibliográficos
Formato: Libro
Lenguaje:inglés
Publicado: Liberec Technical University of Liberec 2000
Materias:
Etiquetas: Agregar Etiqueta
Sin Etiquetas, Sea el primero en etiquetar este registro!

MARC

LEADER 00000nam a2200000 4500
001 c131356
005 20221221081803.3
041 0 |a eng 
044 |a CZ 
245 1 0 |a Centre of continuing education 
264 1 |a Liberec  |b Technical University of Liberec  |c 2000 
300 |a 20 s. 
610 2 0 |a vzdelávanie ďalšie 
610 2 0 |a Česko 
610 2 0 |a školy vysoké 
610 2 0 |a univerzity